| 000 | 01360cam a2200313 a 4500 | ||
|---|---|---|---|
| 999 |
_c127041 _d127041 |
||
| 001 | 1633416 | ||
| 003 | ARRUPE | ||
| 005 | 20171005114941.0 | ||
| 008 | 960403s1996 njua b 001 0 eng | ||
| 010 | _a 96008084 | ||
| 020 | _a069102880X (alk. paper) | ||
| 040 |
_aDLC _cDLC _dDLC |
||
| 050 | 0 | 0 |
_aHG3881 _b.E347 1996 |
| 082 | 0 | 0 |
_a332/.042 _220 |
| 100 | 1 |
_aEichengreen, Barry J. _936723 |
|
| 245 | 1 | 0 |
_aGlobalizing Capital : _ba history of the international monetary system / _cBarry Eichengreen. |
| 246 | 3 | 0 | _aHistory of the international monetary system |
| 260 |
_aPrinceton, N.J. : _bPrinceton University Press, _cc1996. |
||
| 300 |
_aviii, 227 p. : _bill. ; _c24 cm. |
||
| 504 | _aIncludes bibliographical references (p. [201]-216) and index. | ||
| 650 | 0 |
_aInternational finance _xHistory. _936724 |
|
| 650 | 0 |
_aGold standard _xHistory. _936725 |
|
| 856 | 4 | 2 |
_3Book review (H-Net) _uhttp://www.h-net.org/review/hrev-a0a7h6-aa |
| 856 | 4 | 1 |
_3Table of contents _uhttp://www.loc.gov/catdir/toc/prin031/96008084.html |
| 856 | 4 | 2 |
_3Publisher description _uhttp://www.loc.gov/catdir/description/prin021/96008084.html |
| 906 |
_a7 _bcbc _corignew _d1 _eocip _f19 _gy-gencatlg |
||
| 942 |
_2lcc _cMONOGRAPH |
||